000 00322 a2200109 4500
001 ART_30536
005 20260410162002.0
008 260409a
245 1 0 _aComercio Internacional y medio ambiente
100 1 _aSiri, María Sonia
773 0 _tForo económico
_g- Año II, Nº 2 (mar. 1996)
_wREV30369
999 _c31407
_d31407